Applied hydrocarbon thermodynamics /
Guardado en:
| Autor Principal: | |
|---|---|
| Formato: | Libro |
| Idioma: | English |
| Publicado: |
Houston, Tex. :
Gulf Pub. Co.,
[c1961-74]
|
| Materias: | |
| Etiquetas: |
Agregar Etiqueta
Sin Etiquetas, Sea el primero en etiquetar este registro!
|
| LEADER | 00960cam a22002655a 4500 | ||
|---|---|---|---|
| 001 | EIQ.libpla002790 | ||
| 008 | 800124t19741961txua#####b####001#0#eng#d | ||
| 005 | 20070824160949.0 | ||
| 245 | 1 | 0 | |a Applied hydrocarbon thermodynamics / |c by Wayne C. Edminster. |
| 246 | 1 | |a Hydrocarbon thermodynamics. | |
| 260 | |a Houston, Tex. : |b Gulf Pub. Co., |c [c1961-74] | ||
| 300 | |a 2 v. : |b il. ; |c 29 cm. | ||
| 504 | |a Incluye referencias bibliográficas e índice. | ||
| 020 | |a 0872018563 (v. 1) | ||
| 020 | |a 0872010406 (v. 2) | ||
| 100 | 1 | |a Edmister, Wayne C. | |
| 082 | 0 | 0 | |a 661.81 |2 19 |
| 650 | 4 | |a Procesos |x Hidrocarburos. | |
| 650 | 4 | |a Procesos |x Termodinámica. | |
| 650 | 4 | |a Processes |x Thermodynamics. | |
| 650 | 4 | |a Processes |x Hydrocarbons. | |
| 010 | |a 61017939 | ||
| 040 | |a DLC |c DLC |d AR-BbSID | ||
| 859 | |a AR-BbSID |b BIB. PLAPIQUI |h 661.81 |i Ed 55 |p 1102 |t Ej. 1 |v Vol. 1 Ej. 1 |3 Vol. 1 | ||
| 859 | |a AR-BbSID |b BIB. PLAPIQUI |h 661.81 |i Ed 55 |p 1103 |t Ej. 2 |v Vol. 1 Ej. 2 |3 Vol. 1 | ||
